Social security benefits to railway employees: a critical review of relevance of the provident fund scheme (Record no. 501986)

000 -LEADER
fixed length control field 00529cam a22001337a 4500
008 - FIXED-LENGTH DATA ELEMENTS--GENERAL INFORMATION
fixed length control field 180718b2010 xxu||||| |||| 00| 0 eng d
082 ## - DEWEY DECIMAL CLASSIFICATION NUMBER
Classification number APPPA 2009-10/VIS
100 ## - MAIN ENTRY--PERSONAL NAME
Personal name Vishwanathan, J.
245 ## - TITLE STATEMENT
Title Social security benefits to railway employees: a critical review of relevance of the provident fund scheme
Statement of responsibility, etc. by J. Vishwanathan
260 ## - PUBLICATION, DISTRIBUTION, ETC.
Place of publication, distribution, etc. New Delhi
Name of publisher, distributor, etc. Indian Institute of Public Administration
Date of publication, distribution, etc. 2010
300 ## - PHYSICAL DESCRIPTION
Extent 41+p.
500 ## - GENERAL NOTE
General note An APPPA M.Phil dissertation, 2009-2010 (Guide: Dr. V.N. Alok)
650 ## - SUBJECT ADDED ENTRY--TOPICAL TERM
Topical term or geographic name entry element Rail roads -India
Holdings
Withdrawn status Lost status Damaged status Not for loan Permanent Location Current Location Date acquired Full call number Barcode Date last seen Price effective from Koha item type
        Indian Institute of Public Administration Indian Institute of Public Administration 2018-08-04 APPPA 2009-10/VIS GR18494 2018-08-04 2018-08-04 GR

Powered by Koha